<?xml version="1.0" encoding="UTF-8"?>
<record
    xmlns:xsi="http://www.w3.org/2001/XMLSchema-instance"
    xsi:schemaLocation="http://www.loc.gov/MARC21/slim http://www.loc.gov/standards/marcxml/schema/MARC21slim.xsd"
    xmlns="http://www.loc.gov/MARC21/slim">

  <leader>01412nam a22002297a 4500</leader>
  <controlfield tag="003">OSt</controlfield>
  <controlfield tag="005">20220316161158.0</controlfield>
  <controlfield tag="008">180731b        xxu||||| |||| 00| 0 eng d</controlfield>
  <datafield tag="020" ind1=" " ind2=" ">
    <subfield code="a"> 9781305871014 (pbk.) </subfield>
  </datafield>
  <datafield tag="040" ind1=" " ind2=" ">
    <subfield code="c">LC</subfield>
  </datafield>
  <datafield tag="050" ind1=" " ind2=" ">
    <subfield code="a">Z52.5.M52.V52</subfield>
  </datafield>
  <datafield tag="100" ind1=" " ind2=" ">
    <subfield code="a">Vermaat, Misty E.</subfield>
  </datafield>
  <datafield tag="245" ind1=" " ind2=" ">
    <subfield code="a">Microsoft Office 365 Word 2016: comprehensive. /</subfield>
    <subfield code="c">Misty E. Vermaat</subfield>
  </datafield>
  <datafield tag="260" ind1=" " ind2=" ">
    <subfield code="a">Boston:</subfield>
    <subfield code="b">Cengage,</subfield>
    <subfield code="c">2017.</subfield>
  </datafield>
  <datafield tag="300" ind1=" " ind2=" ">
    <subfield code="a">xiii,  679 p + various pagings :</subfield>
    <subfield code="b">ill. ;</subfield>
  </datafield>
  <datafield tag="440" ind1=" " ind2=" ">
    <subfield code="a">Shelly Cashman series</subfield>
  </datafield>
  <datafield tag="500" ind1=" " ind2=" ">
    <subfield code="a">Includes  index.</subfield>
  </datafield>
  <datafield tag="505" ind1=" " ind2=" ">
    <subfield code="a">Contents: Productivity apps for school and work -- Office 2013 and Windows 10: essential concepts and skills -- Creating, formatting and editing a Word document with a picture  -- Creating a research paper with references and sources -- Crating a business letter with a letterhead and table -- Creating a document with a title page, lists, table and watermark -- Using a template to create a resume and sharing a finished document -- Generating form letters, mailing labels, and a directory. -- Crating a newsletter with a pull-quote and graphics -- Using document  collaboration, integration, and charting tools -- Creating a reference document with a table of contents and index -- Creating a template for an online form -- Enhancing an online form and using macros --     </subfield>
  </datafield>
  <datafield tag="650" ind1=" " ind2=" ">
    <subfield code="a">Microsoft Word.     </subfield>
  </datafield>
  <datafield tag="650" ind1=" " ind2=" ">
    <subfield code="a">Word processing.</subfield>
  </datafield>
  <datafield tag="942" ind1=" " ind2=" ">
    <subfield code="2">lcc</subfield>
    <subfield code="c">BK</subfield>
  </datafield>
  <datafield tag="999" ind1=" " ind2=" ">
    <subfield code="c">7470</subfield>
    <subfield code="d">14970</subfield>
  </datafield>
  <datafield tag="952" ind1=" " ind2=" ">
    <subfield code="0">0</subfield>
    <subfield code="1">0</subfield>
    <subfield code="2">lcc</subfield>
    <subfield code="4">0</subfield>
    <subfield code="7">0</subfield>
    <subfield code="a">WIUC-KL</subfield>
    <subfield code="b">WIUC-KL</subfield>
    <subfield code="c">GEN</subfield>
    <subfield code="d">2019-11-15</subfield>
    <subfield code="o">Z52.5.M52.V52</subfield>
    <subfield code="p">K/2463/2463/19</subfield>
    <subfield code="r">2020-07-11 00:00:00</subfield>
    <subfield code="w">2020-07-11</subfield>
    <subfield code="y">BK</subfield>
  </datafield>
</record>
